logo

Bir Sreshtho Munshi Abdur Rouf Library
Jhenaidah Cadet College

Night visitor / (Record no. 4869)

MARC details
000 -LEADER
fixed length control field 00617nam a2200241 a 4500
001 - CONTROL NUMBER
JCCL Control Number 4869
003 - CONTROL NUMBER IDENTIFIER
JCCL marc code BD-JhCC
005 - DATE AND TIME OF LATEST TRANSACTION
control field 20211129134020.0
008 - FIXED-LENGTH DATA ELEMENTS--GENERAL INFORMATION
fixed length control field 010305s2001 enk 000 1 eng d
020 ## - INTERNATIONAL STANDARD BOOK NUMBER
International Standard Book Number 0593045807
035 ## - SYSTEM CONTROL NUMBER
system control number (BD-JhCC)4869
040 ## - CATALOGING SOURCE
Original cataloging agency BDS
Modifying agency BD-JhCC
041 ## - LANGUAGE CODE
Language code of Book eng
082 0# - DEWEY DECIMAL CLASSIFICATION NUMBER
Classification number 823.914
DDC Edition number 21
Author mark and Year WHI 2001
100 1# - MAIN ENTRY--PERSONAL NAME
Personal name White, Gillian,
Dates associated with a name 1945-
245 10 - TITLE STATEMENT
Title Night visitor /
Statement of responsibility, etc Gillian White.
260 ## - PUBLICATION, DISTRIBUTION, ETC. (IMPRINT)
Place of publication, distribution, etc London :
Name of publisher, distributor, etc Bantam,
Date of publication, distribution, etc 2001.
300 ## - PHYSICAL DESCRIPTION
Pagination 301 p. ;
Dimensions 24 cm.
650 #0 - SUBJECT ADDED ENTRY--TOPICAL TERM
Topical term or geographic name as entry element Attempted murder
Form subdivision Fiction.
650 #0 - SUBJECT ADDED ENTRY--TOPICAL TERM
Topical term or geographic name as entry element Families
Form subdivision Fiction.
650 #0 - SUBJECT ADDED ENTRY--TOPICAL TERM
Topical term or geographic name as entry element Marriage
Form subdivision Fiction.
942 ## - ADDED ENTRY ELEMENTS (KOHA)
Source of classification or shelving scheme Dewey Decimal Classification
Koha item type Books
Koha issues (borrowed), all copies 2
Holdings
Source of classification or shelving scheme Damaged status Not for loan Home library Current library Shelving location Date of accession Source of acquisition Total Checkouts Full call number Barcode Checked out Date last seen Date checked out Copy number Koha item type
Dewey Decimal Classification     JCC Rouf Library JCC Rouf Library General Stacks 12/04/2017 Stowe School Library 2 823.914 WHI 2001 6895 12/15/2021 11/28/2021 11/28/2021 C-1 Books

JCC Library | Contacts | JCC Home

Last Update on 23 September 2017
Copyright @ 2017-2020 JCC Rouf Library
Rouf Library, Jhenidah Cadet College (JCC), Bangladesh